000 00687nam a2200181 a 4500
008 160217s2010 ||||||||||||||||| || u
020 _a9781439802687
050 _aQR 182 Cru
100 _aCruse, Julius M
245 1 0 _aAtlas of immunology. (3rd ed.)
_cby Julius M. Cruse [and] Robert E. Lewis
250 _a3rd ed.
260 _aBoca Raton
_bCRC Press
_c2010
300 _a940p.: ill.
350 _a139.95
650 _aIMMUNITY -- ATLASES
650 _aIMMUNITY SYSTEM DISEASES -- ATLASES
995 _aMICHAEL CHILUFYA SATA OPEN ACCESS
_e903438
_FCBU-SCHOOL OF MEDICINE LIBRARY (Ndola)
_I139.95
_jQR 182 Cru
_M1
_UAVAILABLE
_WFeb 18, 2016
_y903438
_ZMedical Library Open Access Collection
999 _c30798
_d30798